|
|
|
|
| LEADER |
00000nab a2200000 a 4500 |
| 001 |
vtls008154035 |
| 003 |
SK-MaSNL |
| 005 |
20260305003312.0 |
| 008 |
250505c2004 xo ||||||o |00 b|slo |
| 015 |
|
|
|a SNBRB2005/05
|2 snkbucl
|
| 035 |
|
|
|a urn:nbn:sk:snk-ab8cy2
|
| 035 |
|
|
|a (urnnbn)urn:nbn:sk:snk:ar-a083we
|
| 035 |
|
|
|a (uuid)4443e18d-10be-45e2-befa-6ae7f574ef2d
|
| 038 |
|
|
|a SNKBUCL
|
| 040 |
|
|
|a SNKBUCL
|b slo
|c SNKBUCL
|e AACR2
|
| 041 |
0 |
|
|a slo
|
| 044 |
|
|
|a xo
|c SK
|
| 080 |
|
|
|a 94(560.118)
|x "1453"
|x (048)
|2 1997
|
| 080 |
|
|
|a 94(495)
|x "1453"
|x (048)
|2 1997
|
| 080 |
|
|
|a 355.48
|x (560.118)
|x "1453"
|x (048)
|2 1997
|
| 100 |
1 |
|
|a Dangl, Vojtech,
|d 1937-2018
|4 aut
|9 13702
|
| 245 |
1 |
0 |
|a Runciman, St.: Pád Cařihradu
|c V. Dangl
|
| 648 |
|
7 |
|a 1453
|2 snkbucl
|9 1498048
|
| 648 |
|
7 |
|a 13.-15. stor.
|2 snkbucl
|9 298243
|
| 650 |
0 |
7 |
|a Carihrad, bitka, 1453
|2 SNKPH
|9 77900
|
| 650 |
0 |
7 |
|a stredovek
|2 SNKPH
|9 4259
|
| 651 |
|
7 |
|a Istanbul (Turecko)
|2 snkbucl
|9 24137
|
| 651 |
|
7 |
|a Byzantská ríša
|2 snkbucl
|9 74153
|
| 655 |
|
7 |
|a recenzie
|2 snkbucl
|9 21907
|
| 773 |
0 |
|
|t Vojenská história
|g Roč. 8, č. 4 (2004), s. 120-121
|x 1335-3314
|
| 787 |
0 |
8 |
|i Rec.:
|a Runciman, Steven
|t Pád Cařihradu
|d Praha : Epocha, 2003
|
| 850 |
|
|
|a Slovenská národná knižnica
|
| 852 |
|
|
|a Slovenská národná knižnica
|
| 954 |
|
|
|a odborná, vedecká literatúra pôvodná (slovenská)
|2 lita
|
| 958 |
|
|
|a article9
|
| 958 |
|
|
|a OND
|
| 958 |
|
|
|a RC
|
| 958 |
|
|
|a CZ
|
| 958 |
|
|
|a GR
|
| 958 |
|
|
|a TR
|
| 958 |
|
|
|a EUIPO
|
| 999 |
|
|
|c 3229713
|d 3231643
|